000 00599nam a22002297a 4500
003 UA-OsUOA
001 80295
007 ta
008 20111205b un ||||| |||| 00| 0 ukr d
100 _aСтепанов В.А.
090 _a821.161.1(092)
_bС79
942 _cBK
040 _aUA-OsUOA
_beng
_cUA-OsUOA
_dUA-OsUOA
245 _aЮрий Гагарин
300 _a335 с.
955 _a3
041 _aeng
080 _a821.161.1(092)
260 _aМ.
_bМол. гвардия
_c1987
650 7 _a82 Література. Літературознавство
_2UDC
999 _c366608
_d366608